Ejercicios y problemas contenidos en los elementos de álgebra
Saved in:
| Hovedforfatter: | |
|---|---|
| Format: | Bog |
| Sprog: | spansk |
| Udgivet: |
Madrid
Bruño
1958
|
| Udgivelse: | 4a. ed |
| Fag: | |
| Tags: |
Tilføj Tag
Ingen Tags, Vær først til at tagge denne postø!
|
MARC
| LEADER | 00000nam a2200000 a 4500 | ||
|---|---|---|---|
| 001 | UCL7296 | ||
| 003 | CL-VaPUC | ||
| 008 | 040514e19580000SP |||||||||||||||||spa|d | ||
| 082 | 0 | 4 | |a 512.9 |b BRU |2 21 |
| 100 | |a Bruño, G. M |e author |9 353891 | ||
| 245 | 1 | 0 | |a Ejercicios y problemas contenidos en los elementos de álgebra |
| 250 | |a 4a. ed | ||
| 300 | |a 374 p | ||
| 942 | |c BK | ||
| 945 | |d 20040514 00:00:00 |a cmena | ||
| 260 | |a Madrid |b Bruño |c 1958 | ||
| 650 | 0 | |a Álgebra |9 259567 | |
| 650 | 0 | |a Ejercicios |9 269807 | |
| 650 | 7 | |a PROBLEMAS |2 CL-VaPUC |9 269806 | |
| 583 | |a last modification |c 20040514 00:00:00 |k Rodrigo Vera | ||
| 999 | |c 309141 |d 309139 | ||
| 952 | |0 0 |1 0 |4 0 |6 512_900000000000000_BRU_1958 |7 0 |8 A |9 376488 |a BIBMAT |b BIBMAT |d 2019-11-21 |i 4015479 |o 512.9 BRU 1958 |p 4015479 |r 2025-01-07 |w 2019-11-21 |y BK |k MAT | ||